Xác định nguồn ô nhiễm điểm đổ vào kênh xáng Xà No tỉnh Hậu Giang : Luận văn tốt nghiệp Cao học. Chuyên ngành Khoa học môi trường
Xác định được các nguồn thải điểm chủ yếu vào kênh xáng Xà No và đặc điểm ô nhiễm của các nguồn thải này để làm cơ sở cho đưa ra giải pháp quản lý các nguồn thải điểm.
সংরক্ষণ করুন:
| প্রধান লেখক: | |
|---|---|
| বিন্যাস: | গ্রন্থ |
| ভাষা: | Undetermined |
| প্রকাশিত: |
Cần Thơ
Trường Đại học Cần Thơ
2016
|
| বিষয়গুলি: | |
| ট্যাগগুলো: |
ট্যাগ যুক্ত করুন
কোনো ট্যাগ নেই, প্রথমজন হিসাবে ট্যাগ করুন!
|
| Thư viện lưu trữ: | Trung tâm Học liệu Trường Đại học Cần Thơ |
|---|
| LEADER | 01127nam a2200229Ia 4500 | ||
|---|---|---|---|
| 001 | CTU_221375 | ||
| 008 | 210402s9999 xx 000 0 und d | ||
| 082 | |a 628.168 | ||
| 082 | |b C455 | ||
| 088 | |a 60440301 | ||
| 100 | |a Trần, Thành Công | ||
| 245 | 0 | |a Xác định nguồn ô nhiễm điểm đổ vào kênh xáng Xà No tỉnh Hậu Giang : | |
| 245 | 0 | |b Luận văn tốt nghiệp Cao học. Chuyên ngành Khoa học môi trường | |
| 245 | 0 | |c Trần Thành Công ; Nguyễn Văn Công (Cán bộ hướng dẫn) | |
| 260 | |a Cần Thơ | ||
| 260 | |b Trường Đại học Cần Thơ | ||
| 260 | |c 2016 | ||
| 520 | |a Xác định được các nguồn thải điểm chủ yếu vào kênh xáng Xà No và đặc điểm ô nhiễm của các nguồn thải này để làm cơ sở cho đưa ra giải pháp quản lý các nguồn thải điểm. | ||
| 650 | |a Water,Nước | ||
| 650 | |x Pollution,Ô nhiễm | ||
| 904 | |i Nghị,Hải | ||
| 980 | |a Trung tâm Học liệu Trường Đại học Cần Thơ | ||